000 01124nam1a22002891i 4500
001 v19\rc\1715426
005 20240723125907.0
035 _a(NLR Aleph) 004814277
090 _a4957875
_c4957875
100 _a20061002g19001901|||y0rusy50 ca
101 0 _arus
102 _aRU
105 _a z |||||
200 1 _aОрганизация морской силы
_eИз лекций, чит. в 1898-99 г. в Кронштадт. мор. собр. и в С.-Петербурге, в кают-компании свод. экипажей. Ч. 1-2
_fН.Л. Кладо, штат. преп. Николаев. мор. акад.
210 _aСанкт-Петербург
_cтип. Мор. м-ва
_d1900-1901
215 _a2 т.
_d23
320 _aБиблиогр. в примеч.
700 1 _aКладо
_bН.Л.
_f1862-1919
_gНиколай Лаврентьевич
801 0 _aRU
_bNLR
_gpsbo
801 0 _aRU
_bRuMoRGB
_2psbo
801 1 _aRU
_bProSoft-M
_2rusmarc
852 _aNLR
_j19.54.5.16
899 _aRuMoRGB
_jM 6/501
899 _aRuMoRGB
_jΔ 750/263
899 _aНБ СПбГУ
899 _aБАН
942 _cBOOK